500 bài tập vật lí 11 :

Nội dung sách bám sát chương trình vật lí 11, những kiến thức cơ bản cần năm vững, đề bài tập và hướng dẫn giải và đáp số.

Sparad:
Bibliografiska uppgifter
Huvudupphovsman: Nguyễn, Thanh Hải
Materialtyp: Bok
Språk:Undetermined
Publicerad: Thành phố Hồ Chí Mịnh Đại học quốc gia Thành phố Hồ Chí MInh 2017
Ämnen:
Taggar: Lägg till en tagg
Inga taggar, Lägg till första taggen!
Thư viện lưu trữ: Trung tâm Học liệu Trường Đại học Cần Thơ
LEADER 00933nam a2200217Ia 4500
001 CTU_232555
008 210402s9999 xx 000 0 und d
020 |c 58000 
082 |a 530.076 
082 |b H103 
100 |a Nguyễn, Thanh Hải 
245 0 |a 500 bài tập vật lí 11 : 
245 0 |c Nguyễn Thanh Hải, Lê Tuấn Nam, Hồ Thị Kim Ngân 
260 |a Thành phố Hồ Chí Mịnh 
260 |b Đại học quốc gia Thành phố Hồ Chí MInh 
260 |c 2017 
520 |a Nội dung sách bám sát chương trình vật lí 11, những kiến thức cơ bản cần năm vững, đề bài tập và hướng dẫn giải và đáp số. 
650 |a Vật lí,Physics 
650 |x Câu hỏi và bài tập,Problems, exericses, etc. 
910 |a Tuyến 
980 |a Trung tâm Học liệu Trường Đại học Cần Thơ